000 00562nam a2200217 a 4500
001 0001-2137
003 ELIB.Books
008 190724 2010 eng
020 _a0281046220
092 _a230
_bSug
100 _aSugirtharajah, R.S.
245 _aReadings in Indian Christian Theology I
260 _aCambridge
_bS.P.C.K
_c1993
300 _a261
_c19.5cm
650 _aChristian Theology
856 _nKBTS Library
_uKBTS Elib
942 _2ddc
_cBK
990 _a1
998 _aEnglishbooks.elf
_ccat
_e2019-07-24
999 _c12137
_d12137